Artificial Intelligence (Record no. 10595)

MARC details
000 -LEADER
fixed length control field 00394nam a22001697a 4500
003 - CONTROL NUMBER IDENTIFIER
control field OSt
008 - FIXED-LENGTH DATA ELEMENTS--GENERAL INFORMATION
fixed length control field 210327b ||||| |||| 00| 0 eng d
020 ## - INTERNATIONAL STANDARD BOOK NUMBER
International Standard Book Number 9789332543515
082 ## - DEWEY DECIMAL CLASSIFICATION NUMBER
Classification number 006.33 RUA
100 ## - MAIN ENTRY--PERSONAL NAME
Personal name RUSSELL,Stuart J
245 ## - TITLE STATEMENT
Title Artificial Intelligence
250 ## - EDITION STATEMENT
Edition statement 3rd
260 ## - PUBLICATION, DISTRIBUTION, ETC. (IMPRINT)
Place of publication, distribution, etc New Delhi
Name of publisher, distributor, etc Pearson
Date of publication, distribution, etc 2021
300 ## - PHYSICAL DESCRIPTION
Extent 1145
700 ## - ADDED ENTRY--PERSONAL NAME
Personal name NORVIG,Peter
942 ## - ADDED ENTRY ELEMENTS (KOHA)
Source of classification or shelving scheme Dewey Decimal Classification
Koha item type Text Books
942 ## - ADDED ENTRY ELEMENTS (KOHA)
-- 4
Holdings
Withdrawn status Lost status Source of classification or shelving scheme Damaged status Not for loan Collection code Home library Current library Date acquired Source of acquisition Currency Cost, normal purchase price Bill Number Total Checkouts Full call number Acc. no. / Barcode Checked out Date last seen Date last borrowed Actual Cost, discounted price Bill Date Koha item type
    Dewey Decimal Classification     Computer Science and Engineering in AI & Data Science PIET C-LIBRARY PIET C-LIBRARY 17/03/2021 Kirti Praskshan IN Rupees 899.00 IN1877 2 006.33 RUA 32708 15/06/2026 30/05/2026 30/05/2026 611.32 17/03/2021 Text Books
    Dewey Decimal Classification     Computer Science and Engineering in AI & Data Science PIET C-LIBRARY PIET C-LIBRARY 17/03/2021 Kirti Praskshan IN Rupees 899.00 IN1877   006.33 RUA 32709   27/03/2021   611.32 17/03/2021 Reference Books
    Dewey Decimal Classification     Computer Science and Engineering in AI & Data Science PIET C-LIBRARY PIET C-LIBRARY 17/03/2021 Kirti Praskshan IN Rupees 899.00 IN1877   006.33 RUA 32710   27/03/2021   611.32 17/03/2021 Text Books
    Dewey Decimal Classification     Computer Science and Engineering in AI & Data Science PIET C-LIBRARY PIET C-LIBRARY 17/03/2021 Kirti Praskshan IN Rupees 899.00 IN1877 2 006.33 RUA 32711   11/02/2022 29/12/2021 611.32 17/03/2021 Text Books
    Dewey Decimal Classification     Computer Science and Engineering in AI & Data Science PIET C-LIBRARY PIET C-LIBRARY 17/03/2021 Kirti Praskshan IN Rupees 899.00 IN1877 2 006.33 RUA 32712   23/02/2022 09/02/2022 611.32 17/03/2021 Text Books

Design & Developed by: PIET Central Library
R70 Miles Stone Pattikalyana Samalkha Panipat 132102
mail ID :- [email protected], Phone No:- 0180-2569700 Ex.216